000 00920pam a2200265 a 4500
008
020 _a0789025736 (pbk.)
049 _aMAIN
050 0 0 _aZA3075
_fREL
245 0 0 _aRelationships between teaching faculty and teaching librarians /
_cSusan B. Kraat, editor.
260 _aBinghamton :
_bHaworth Information Press,
_c2005.
300 _a182 p. :
_bill. ;
_c22 cm.
500 _aIncludes index.
504 _aIncludes bibliographical references.
650 0 _aInformation literacy
_xStudy and teaching (Higher)
650 0 _aAcademic libraries
_xRelations with faculty and curriculum.
650 0 _aElectronic information resource literacy
_xStudy and teaching (Higher)
700 1 _aKraat, Susan B.
730 0 _aReference librarian.
907 _a.b10184843
_b12-01-06
_c10-01-06
003
005 20230123134136.0
040 _cNUST
942 _cBOOKS
999 _c160777
_d160777